000 00331nam a2200133Ia 4500
008 150201s2010 xx 000 0 und d
082 _a615
_bD10L
100 _aLAW PUBLISHING HOUSE
245 _aTHE DRUGS & COSMETICS ACT -1940
260 _bUNIVERSAL
_aDELHI
_c2010
300 _a1-530
650 _aPHARMACOLOGY
942 _2ddc
_cBK
999 _c1252
_d1252